Tell me if the lovers are losers / (Record no. 13600)

000 -LEADER
fixed length control field 00622cam a2200193 a 4500
020 ## - INTERNATIONAL STANDARD BOOK NUMBER
ISBN 0689309112
040 ## - CATALOGING SOURCE
Transcribing agency DLC
082 00 - DEWEY DECIMAL CLASSIFICATION NUMBER
Classification number 813 ATH 1982 A093 Or.
100 1# - MAIN ENTRY--AUTHOR NAME
Personal name Voigt, Cynthia.
245 10 - TITLE STATEMENT
Title Tell me if the lovers are losers /
250 ## - EDITION STATEMENT
Edition statement 1st ed.
260 ## - PUBLICATION, DISTRIBUTION, ETC. (IMPRINT)
Place of publication New York :
Name of publisher Atheneum,
Year of publication 1982.
300 ## - PHYSICAL DESCRIPTION
Number of Pages 241 p. ;
Dimensions 22 cm.
520 ## - SUMMARY, ETC.
Summary, etc In 1961 at a college for academically gifted women, three roommates who differ substantially from each other are brought together by a common interest in volleyball.
650 #1 - SUBJECT ADDED ENTRY--TOPICAL TERM
Topical Term Volleyball
650 #1 - SUBJECT ADDED ENTRY--TOPICAL TERM
Topical Term Universities and colleges
650 #1 - SUBJECT ADDED ENTRY--TOPICAL TERM
Topical Term Friendship
942 ## - ADDED ENTRY ELEMENTS (KOHA)
Koha item type សៀវភៅភាសាអង់គ្លេស
952 ## - LOCATION AND ITEM INFORMATION (KOHA)
Withdrawn status [LOCAL, KOHA] 0
Holdings
Permanent Location Date acquired Koha item type Lost status Shelving location Barcode Current Location Full call number
Library Block A2017-08-29សៀវភៅភាសាអង់គ្លេស A095A18040Library Block A813 ATH 1982 A095 Or.
មជ្ឈមណ្ឌលឯការនៃសាកលវិទ្យាល័យភូមិន្ទកសិកម្មចំការដូង

Powered by Koha